सफ़र / (Record no. 115584)

MARC details
000 -LEADER
fixed length control field 01028nam a22002777a 4500
003 - CONTROL NUMBER IDENTIFIER
control field dpl
005 - DATE AND TIME OF LATEST TRANSACTION
control field 20180712124103.0
008 - FIXED-LENGTH DATA ELEMENTS--GENERAL INFORMATION
fixed length control field 180712b xxu||||| |||| 00| 0 eng d
010 ## - LIBRARY OF CONGRESS CONTROL NUMBER
LC control number A-983278
020 ## - INTERNATIONAL STANDARD BOOK NUMBER
Terms of availability 150.00
035 ## - SYSTEM CONTROL NUMBER
System control number A-983278, A-983296
037 ## - SOURCE OF ACQUISITION
Source of stock number/acquisition Cen Lib/Ret
040 ## - CATALOGING SOURCE
Original cataloging agency DPL
Language of cataloging HN
Transcribing agency 0
082 ## - DEWEY DECIMAL CLASSIFICATION NUMBER
Classification number
Item number वर्मागा
100 ## - MAIN ENTRY--PERSONAL NAME
Personal name वर्मा, गायत्री
9 (RLIN) 62112
245 ## - TITLE STATEMENT
Title सफ़र /
Statement of responsibility, etc गायत्री वर्मा
246 ## - VARYING FORM OF TITLE
Title proper/short title Safar /
Remainder of title by Gayatri Verma
260 ## - PUBLICATION, DISTRIBUTION, ETC. (IMPRINT)
Place of publication, distribution, etc नयी दिल्ली
Name of publisher, distributor, etc एम.एन. पब्लिशर्स
Date of publication, distribution, etc 1999
270 ## - ADDRESS
City नयी दिल्ली
Address W-116, ग्रेटर कैलाश, पार्ट-1
Postal code 110048
300 ## - PHYSICAL DESCRIPTION
Extent 159पृ.
Dimensions 21सेमी(सजिल्द)
650 ## - SUBJECT ADDED ENTRY--TOPICAL TERM
Topical term or geographic name as entry element हिन्दी साहित्य
9 (RLIN) 62113
650 ## - SUBJECT ADDED ENTRY--TOPICAL TERM
Topical term or geographic name as entry element उपन्यास
9 (RLIN) 62114
650 ## - SUBJECT ADDED ENTRY--TOPICAL TERM
Topical term or geographic name as entry element Hindi literature
9 (RLIN) 62115
650 ## - SUBJECT ADDED ENTRY--TOPICAL TERM
Topical term or geographic name as entry element Fiction
9 (RLIN) 8901
942 ## - ADDED ENTRY ELEMENTS (KOHA)
Source of classification or shelving scheme Dewey Decimal Classification
Koha item type Hindi Books
Classification part
Call number suffix वर्मागा
Holdings
Withdrawn status Lost status Damaged status Not for loan Home library Current library Date acquired Source of acquisition Cost, normal purchase price Total Checkouts Full call number Barcode Date last seen Date checked out Copy number Cost, replacement price Price effective from Koha item type Source of classification or shelving scheme Collection code Shelving location
        Central Library Central Library 21/08/2015 Cen Lib/Ret 150.00 1 उ वर्मागा A-983278 13/08/2018 01/08/2018 1 150.00 21/08/2015 Hindi Books      
        Patel Nagar Patel Nagar 12/01/2019 BPPD/PUB 150.00 1 उ वर्मागा A-983282 16/12/2023 02/12/2023   150.00 12/01/2019 Hindi Books Dewey Decimal Classification Fiction General Stacks
        Shahdara Branch Shahdara Branch 12/07/2018 BPPD/PUB 150.00   उ वर्मागा A-983296 12/07/2018     150.00 12/07/2018 Hindi Books Dewey Decimal Classification Fiction  

© Delhi Public Library
Hit Counter
free hit counter